000 00629nam a2200181Ia 4500
008 090124s9999 xx 000 0 und d
082 _b6527
100 _aगोखले म. वि.
245 _a मराठा तितुका मेळवावा
250 _a1
260 _bअरगडे कुलकर्णी प्रकाशन
_c1974
300 _a24
600 _aगोखले म. वि.
630 _a मराठा तितुका मेळवावा
700 _aगोखले म. वि.
730 _a मराठा तितुका मेळवावा
942 _cBOOK
999 _c85041
_d85041